Normal view
MARC view
- Ali, Adnan
Entry Personal Name
001 - CONTROL NUMBER
- control field: 26850
003 - CONTROL NUMBER IDENTIFIER
- control field: NUST
005 - DATE AND TIME OF LATEST TRANSACTION
- control field: 20191212144821.0
008 - FIXED-LENGTH DATA ELEMENTS
- fixed length control field: 191212|| aca||aabn | a|a d
040 ## - CATALOGING SOURCE
- Original cataloging agency: NUST
- Transcribing agency: NUST
100 ## - HEADING--PERSONAL NAME
- Personal name: Ali, Adnan
670 ## - SOURCE DATA FOUND
- Source citation: Work cat.: (NUST): Ali, Adnan, Speech Recognition Based Automated Technical Support System /, 2018.
